Udeľovanie povolenia na dovoz a vývoz

Úplné znenie vyhlášky MH SR č.302/1995 Z.z. o podmienkach udeľovania úradného povolenia na dovoz a vývoz tovaru a služieb, s výkladom.

Uložené v:
Podrobná bibliografia
Hlavný autor: Bartl, J.
Médium: Kapitola
Jazyk:Slovak
Predmet:
Tagy: Pridať tag
Žiadne tagy, Buďte prvý, kto otaguje tento záznam!

MARC

LEADER 00000naa a2200000 4500
001 r020105
005 20230919112414.7
041 0 |a slo 
044 |a SK 
245 1 0 |a Udeľovanie povolenia na dovoz a vývoz  |c J. Bartl 
520 |a Úplné znenie vyhlášky MH SR č.302/1995 Z.z. o podmienkach udeľovania úradného povolenia na dovoz a vývoz tovaru a služieb, s výkladom. 
610 2 0 |a vyhlášky 
610 2 0 |a MH SR Bratislava 
610 2 0 |a 1995 
610 2 0 |a vývoz 
610 2 0 |a dovoz 
610 2 0 |a licencie 
610 2 0 |a predpisy právne 
610 2 0 |a komentáre 
100 1 |a Bartl, J.